banner-ar

THE BRINK OF PEACE : (Record no. 4675)

MARC details
000 -الفاتح
حقل البيانات ثابتة الطول 00673nam a2200205Ia 4500
008 - عناصر البيانات ثابتة الطول - معلومات عامة
حقل البيانات ثابتة الطول 140319s9999 xx 000 0 eng d
020 ## - الرقم الدولى المعيارى للكتب
الرقم الدولى المعيارى للكتاب 0691058687
040 ## - مصدر الفهرسة
وكالة الفهرسة الأصلية GCL /
وكالة النسخ GCL
082 04 - رقم تصنيف ديوى العشرى
رقم التصنيف 327.56940569
رقم المادة R B
100 1# - المدخل الرئيسى - إسم شخصى
الإسم الشخصى RABINOVICH, ITAMAR
245 10 - بيان العنوان
العنوان THE BRINK OF PEACE :
بقية العنوان THE ISRAELI - SYRIAN NEGOTIATIONS /
بيان المسئوليه,etc RABINOVICH, ITAMAR
260 ## - PUBLICATION, DISTRIBUTION, ETC. (IMPRINT)
تاريخ النشر أو التوزيع 1998
300 ## - الوصف المادى
التعداد 22 CM ؛
أبعاد الوعاء XV, 283 P
650 04 - المدخل الاضافى بالموضوع-مصطلح موضوعى
مصطلح موضوعي ISRAEL - ARAB CONFLICT - 1993 - PEACE
650 04 - المدخل الاضافى بالموضوع-مصطلح موضوعى
مصطلح موضوعي ISRAEL - FOREIGN RELATIONS - SYRIA
650 04 - المدخل الاضافى بالموضوع-مصطلح موضوعى
مصطلح موضوعي SYRIA - FOREIGN RELATIONS - ISRAEL
650 04 - المدخل الاضافى بالموضوع-مصطلح موضوعى
مصطلح موضوعي RABINOVICH, ITAMAR - 1942
942 ## - عناصر المدخل الإضافي( كوها)
مصدر التصنيف او مخطط الترفيف Dewey Decimal Classification
Koha [default] item type كتاب
260 ## - PUBLICATION, DISTRIBUTION, ETC. (IMPRINT)
-- نيويورك :
-- PRINCETON UNIVERSITY PRESS ،
Holdings
حالة التراجع حالة الفقد حالة تلف ليس للاعارة المكان المؤقت الموقع الحالى تاريخ الاكتساب اجمالي اﻻعارات رقم الطلب الباركود تاريخ اخر مشاهدة تاريخ تفعيل السعر نوع وعاء كوها
        مكتبة القاهرة الكبرى مكتبة القاهرة الكبرى 03/26/2014   327.56940569\R B 10532 03/26/2014 03/26/2014 كتاب

Powered By

EGPV